| 000 | 00842nam a22002178a 4500 | ||
|---|---|---|---|
| 005 | 20080718155202.0 | ||
| 008 | 080717s2008 ii b 001 0 eng | ||
| 010 | _aENG-92346 | ||
| 020 |
_a8178292915 _c120.00 |
||
| 035 | _aEN-75879 | ||
| 037 | _bDBAD / PUB | ||
| 040 |
_adpl _bEnglish |
||
| 082 | _a338.95431 | ||
| 100 | _aMariyappan, A. | ||
| 245 |
_aEconomic development of Tamil Nadu: _cby A. Mariyappan _b(B.A. syllabus of the university of Madras) / |
||
| 260 |
_aMumbai _bSitech Publications _c2008 |
||
| 300 |
_aix, 295p. _c21cm (pbk) |
||
| 651 |
_aTamil Nadu (India) _xEconomic conditions. |
||
| 942 |
_2ddc _cEN _mMAR _h338.95431 |
||
| 999 |
_c20569 _d20569 |
||